| 000 | 00508nam a2200157Ia 4500 | ||
|---|---|---|---|
| 008 | 210716s2017 xx 000 0 und d | ||
| 020 | _a9781788299183 | ||
| 041 | _aeng | ||
| 082 | _a004.65 URBT | ||
| 100 | _aUrban, Thomas. | ||
| 245 |
_aCacti beginners guide: leverage cacti to design a robust network operations center. _bLeverage cacti to design a robust network operations center. |
||
| 250 | _a2 | ||
| 260 |
_aMumbai _bPackt Publishing Ltd _c2017 |
||
| 300 | _axvi,394 | ||
| 650 | _aComputer Networks | ||
| 999 |
_c196545 _d196545 |
||